000
00297nam a22001457a 4500
008
210308b ||||| |||| 00| 0 eng d
020
_a
9781256861522
041
_a
eng
080
_a
573
082
_a
573
100
_a
11
101
_a
BIO
245
_a
Biology
_c
Reece, J.B
942
_2
udc
_c
BK
999
_c
55990
_d
55990